000 00511nam a2200181Ia 4500
003 OSt
005 20260108114036.0
008 210210b1931 xxu||||| |||| 00| 0 eng d
040 _cAL
041 _aKannada
082 _a859/1186
100 _aBALASARASVATI
_9146397
_dಬಾಲಸರಸ್ವತಿ
245 _aHengasu endare hengasu:
_bಹೆಂಗಸು ಎಂದರೆ ಹೆಂಗಸು
260 _aBengaluru
_b-
_c1931
690 _aKannada Fiction
_9146398
906 _a021929
942 _2ddc
_cBK
999 _c146035
_d146035